Records du Monde d'Athlétisme - Homme - Statistiques

Statistiques générales
  • Ce quiz a été pris 491 fois
  • Le résultat moyen est 15 sur 44
Statistiques - réponses
Discipline Nationalité Athlète % Correct
100 m Jamaïcain Usain Bolt
100%
200 m Jamaïcain Usain Bolt
100%
4 × 400 m --------------- États-Unis
78%
Distance medley relay --------------- États-Unis
78%
Décathlon Français Kevin Mayer
76%
4 × 100 m --------------- Jamaïque
74%
4 × 200 m --------------- Jamaïque
74%
Saut à la perche Suédois Armand Duplantis
73%
50 km marche Français Yohann Diniz
65%
50 000 m marche Français Yohann Diniz
65%
Marathon Kenyan Eliud Kipchoge
55%
Relais Ekiden --------------- Kenya
54%
4 × 800 m --------------- Kenya
54%
4 × 1 500 m --------------- Kenya
54%
400 m Sud-Africain Wayde van Niekerk
51%
Saut en hauteur Cubain Javier Sotomayor
48%
Saut en longueur États-Unien Mike Powell
43%
800 m Kenyan David Rudisha
41%
Triple saut Britannique Jonathan Edwards
38%
1500 m Marocain Hicham El Guerrouj
36%
Mile Marocain Hicham El Guerrouj
36%
2000m Marocain Hicham El Guerrouj
36%
Heure Britannique Mohamed Farah
31%
110 m haies États-Unien Aries Merritt
23%
5000 m Ougandais Joshua Cheptegei
19%
10000 m Ougandais Joshua Cheptegei
19%
5 km Ougandais Joshua Cheptegei
19%
Lancer du javelot Tchèque Jan Železný
18%
10 km Kenyan Rhonex Kipruto
13%
400 m haies États-Unien Kevin Young
11%
Lancer du poids États-Unien Randy Barnes
5%
3000 m steeple Qatari Saif Saaeed Shaheen
5%
3000 m Kenyan Daniel Komen
4%
Lancer du disque Est-allemand Jürgen Schult
4%
1000 m Kenyan Noah Ngeny
4%
Lancer du marteau Tchèque Yuriy Sedykh
4%
Semi-marathon Kenyan Kibiwott Kandie
3%
20 km marche Japonais Yūsuke Suzuki
3%
20000 m Éthiopien Haile Gebrselassie
2%
20 000 m marche Mexicain Bernardo Segura
1%
30 000 m marche Italien Maurizio Damilano
1%
100 km Japonais Nao Kazami
1%
25000 m Kenyan Moses Mosop
0%
30000 m Kenyan Moses Mosop
0%
Aucun quiz correspondant
Distribution des résultats
% des personnes avec chaque résultat
Percentile par nombre de réponses
Votre historique - résultats
Vous n’avez pas pris ce quiz